[Event "Moscow op-E"]
[Site "Moscow"]
[Date "2011.02.06"]
[Round "9.92"]
[White "Khajkin, Boris"]
[Black "Mikheev, Stanislav Valerievi"]
[Result "0-1"]
[WhiteElo "2124"]
[BlackElo "2337"]
[PlyCount "128"]
[EventDate "2011.01.29"]
[EventType "swiss"]
[EventRounds "9"]
[EventCountry "RUS"]
[SourceTitle "EXT 2022"]
[Source "ChessBase"]
[SourceDate "2021.10.06"]
[SourceVersion "1"]
[SourceVersionDate "2021.10.06"]
[SourceQuality "1"]

1. Nf3 Nf6 2. c4 g6 3. Nc3 d5 4. cxd5 Nxd5 5. g3 Bg7 6. Bg2 0-0 7. 0-0 c5 8. Qb3 Nb6 9. d3 Nc6 10. Bd2 Bg4 11. Qd1 c4 12. Ne1 Qd7 13. f3 Bf5 14. Ne4 Bxb2 15. Rb1 Bg7 16. Be3 Bd4 17. Bf2 Bxf2+ 18. Rxf2 cxd3 19. Nxd3 Bxe4 20. fxe4 Rad8 21. Qc1 Qd4 22. Qc5 e5 23. Qxd4 Rxd4 24. Rb5 Re8 25. Rf1 Ra4 26. Nc5 Rxa2 27. Nxb7 Nd4 28. Rc5 Re7 29. Nd6 Nxe2+ 30. Kh1 Rd2 31. Nc8 Nxc8 32. Rxc8+ Kg7 33. Rb1 Red7 34. Bh3 Rd1+ 35. Rxd1 Rxd1+ 36. Kg2 Nd4 37. Rc3 Rd2+ 38. Kh1 Ra2 39. Bc8 a5 40. Bb7 g5 41. g4 Rf2 42. Kg1 Ne2+ 43. Kxf2 Nxc3 44. Ke1 a4 45. Kd2 Nb5 46. Ba6 Nd6 47. Bd3 Nb7 48. Bc4 Nc5 49. Bd5 a3 50. Kc2 Kf8 51. h3 Ke7 52. Kc3 Ne6 53. Bc4 Nf4 54. Kb3 Nxh3 55. Be2 Nf2 56. Bf3 Kd6 57. Kxa3 Kc5 58. Ka4 Kd4 59. Kb5 Ke3 60. Bg2 Nxg4 61. Kc5 h5 62. Kd6 Kf4 63. Ke7 Ne3 64. Bh1 g4 0-1

[Event "Moscow op-B"]
[Site "Moscow"]
[Date "2009.11.20"]
[Round "1"]
[White "Khajkin, Boris"]
[Black "Lagashin, Pavel"]
[Result "0-1"]
[WhiteElo "1400"]
[BlackElo "2095"]
[PlyCount "58"]
[EventDate "2009.01.31"]
[EventType "swiss"]
[EventRounds "9"]
[EventCountry "RUS"]
[SourceTitle "EXT 2012"]
[Source "ChessBase"]
[SourceDate "2011.11.24"]
[SourceVersion "1"]
[SourceVersionDate "2011.11.24"]
[SourceQuality "1"]

1. d4 Nf6 2. Nf3 e6 3. c4 b6 4. a3 Bb7 5. Nc3 d5 6. cxd5 Nxd5 7. Qc2 f5 8. Ng5 Qd7 9. e4 Nxc3 10. Qxc3 fxe4 11. Be3 h6 12. Nh3 g5 13. Be2 Bg7 14. Bh5+ Ke7 15. Qd2 c5 16. dxc5 Qxd2+ 17. Kxd2 Bxb2 18. Ra2 Rd8+ 19. Kc2 Bd4 20. cxb6 Nc6 21. bxa7 Rxa7 22. Rb1 Ba6 23. Kc1 Rc7 24. Rd2 Bd3 25. Rxd3 exd3 26. Kd2 Ne5 27. Bxd4 Rxd4 28. Bd1 Nc4+ 29. Ke1 Re4+ 0-1

[Event "Moscow op-B"]
[Site "Moscow"]
[Date "2009.02.05"]
[Round "6"]
[White "Muhtarov, Leonid"]
[Black "Khajkin, Boris"]
[Result "1-0"]
[WhiteElo "2124"]
[BlackElo "1400"]
[PlyCount "68"]
[EventDate "2009.01.31"]
[EventType "swiss"]
[EventRounds "9"]
[EventCountry "RUS"]
[SourceTitle "EXT 2012"]
[Source "ChessBase"]
[SourceDate "2011.11.24"]
[SourceVersion "1"]
[SourceVersionDate "2011.11.24"]
[SourceQuality "1"]

1. Nf3 Nf6 2. g3 d5 3. Bg2 h6 4. 0-0 Bf5 5. d3 e6 6. Nbd2 c6 7. b3 Nbd7 8. Bb2 Bc5 9. Qe1 0-0 10. e4 Bh7 11. h3 Qc7 12. Kh1 a5 13. a4 Rad8 14. Rd1 b5 15. Ra1 Bb6 16. Ba3 dxe4 17. Nxe4 Nxe4 18. dxe4 Rfe8 19. Bb2 Nc5 20. Nh2 Na6 21. Qe2 Nc5 22. h4 bxa4 23. bxa4 e5 24. Ng4 f6 25. Bc1 h5 26. Nh2 Qf7 27. Be3 Ba7 28. Rfb1 Re7 29. f3 Ne6 30. Bxa7 Rxa7 31. Bf1 c5 32. Rb6 Rad7 33. Qc4 Rd6 34. Rxd6 Rxd6 1-0

[Event "Moscow op-B"]
[Site "Moscow"]
[Date "2009.02.03"]
[Round "4"]
[White "Sampilov, Bazarjap"]
[Black "Khajkin, Boris"]
[Result "0-1"]
[WhiteElo "2157"]
[BlackElo "1400"]
[PlyCount "110"]
[EventDate "2009.01.31"]
[EventType "swiss"]
[EventRounds "9"]
[EventCountry "RUS"]
[SourceTitle "EXT 2012"]
[Source "ChessBase"]
[SourceDate "2011.11.24"]
[SourceVersion "1"]
[SourceVersionDate "2011.11.24"]
[SourceQuality "1"]

1. c4 d6 2. Nc3 Nf6 3. g3 e5 4. Bg2 Be7 5. d3 0-0 6. h3 c6 7. Nf3 Nbd7 8. e4 a5 9. 0-0 Nc5 10. Re1 Qc7 11. b3 Bd7 12. Bb2 Rad8 13. d4 Na6 14. Rc1 Bc8 15. a3 Nd7 16. Qc2 Bf6 17. Red1 g6 18. Ne2 Bg7 19. g4 Rfe8 20. Ng3 Nf8 21. d5 Nd7 22. Bc3 c5 23. Bd2 Nf8 24. Qc3 b6 25. Qc2 Bd7 26. Rb1 Rb8 27. Bf1 Qc8 28. Kh2 Re7 29. Bg5 f6 30. Bd2 Qd8 31. Re1 Be8 32. b4 axb4 33. axb4 Nxb4 34. Bxb4 cxb4 35. Rxb4 Nd7 36. Reb1 Nc5 37. Ne1 Ra7 38. Nd3 Nd7 39. R1b2 Qc7 40. Ra2 Rba8 41. Rbb2 Ra5 42. Qb1 Bh6 43. Nb4 Nc5 44. Nd3 Nb7 45. Kg2 Bf8 46. Be2 Be7 47. h4 Bd8 48. h5 Nc5 49. Nb4 Qg7 50. Nd3 Nxd3 51. Bxd3 Qa7 52. Rxa5 bxa5 53. hxg6 hxg6 54. Qc1 a4 55. f4 a3 0-1